000 00737nam a2200229 a 4500
999 _c12033
_d12033
001 12033
003 BD-JhCC
005 20210308101134.0
008 210308b2019 bg |||| ||a| 000 0 ben d
020 _a9789849287032
035 _a(BD-JhCC)12033
040 _aBD-JhCC
_dBD-JhCC
041 _abengali
082 _a891.4435
_bGOL 2019
245 _aমুক্তিযুদ্ধের সেরা কিশোর গল্প /
_cসম্পাঃ হাসান হাফিজ ।
260 _aঢাকা:
_bসিঁড়ি প্রকাশন;
_c২০১৯.
300 _a208 p. :
_c21 cm.
650 _aBengali Literature.
700 _aহাফিজ,হাসান
942 _2ddc
_cBK